Responses for Show #6737 - Tuesday, December 24, 2013

Contestants

[<< previous game]

Missy Flood, a Navy wife and stay-at-home mom from Groton, Connecticut

Bonita Dominguez, a legal secretary from Surprise, Arizona

Larry White, an actuary from Hatboro, Pennsylvania (whose 1-day cash winnings total $25,200)

[next game >>]

Jeopardy! Round responses

CHRISTMASTIME AROUND THE WORLD
ATHLETIC CUPS
THE "DUCE" YOU SAY
STATE NICKNAMES
BUILDING
BLOGS
    $200 6
carols

Missy
    $200 1
NASCAR

Larry
    $200 11
deduce

Bonita
    $200 16
Arizona

Larry
    $200 24
Eiffel Tower

Bonita
    $200 21
Catholic

Missy
    $400 7
burn them

Larry
    $400 2
The America's Cup

Missy
    $400 12
producer

Larry
    $400 17
Oregon

Bonita
    $400 25
(Missy: What is the Empire State Building?)

the Chrysler Building

LarryMissy
    $400 29
soap opera

Larry
    $600 8
(Bonita: What is the Pope?)

a bishop

LarryBonita
    $600 3
(Missy: What is the Wimbledon Cup?)

The Davis Cup

BonitaMissy
    $600 13
seduce

Larry
    $600 18
(Larry: What is Delaware?)

Colorado

Larry
Triple Stumper
    $600 26
Stonehenge

Larry
    $600 22
post-partum depression

Missy
    $2,000 9
December 16th

Larry
    $800 4
Canadian Football League (CFL)

Larry
    $800 14
induce (labor)

Bonita
    $800 19
(Bonita: What is Utah?)

Alabama

Bonita
Triple Stumper
    $800 27
(Gateway) Arch

Larry
    $800 30
Blogdanovich

Triple Stumper
    $1000 10
St. Lucy

Triple Stumper
    $1000 5
badminton

Larry
    $1000 15
caduceus

Bonita
    $1000 20
(Larry: What's Nebraska?)
(Missy: What is Kansas?)

Illinois

LarryMissy
Triple Stumper
    $1000 28
Colosseum

Larry
    $1000 23
bento

Missy

Scores at the first commercial break (after clue 15):

Larry Bonita Missy
$6,000 $2,000 $0

Scores at the end of the Jeopardy! Round:

Larry Bonita Missy
$7,800 $1,800 $400

Double Jeopardy! Round responses

THE WEDDING OF ELIZABETH & PHILIP
TV SHOWS' THEME SONGS
NOBEL LIT WINNERS
OCCUPATIONS
OUR HISTORICAL DOCUMENTS
CHANGE ONE LETTER
(Alex: Each response will be two words with only one letter difference.)
    $400 22
Westminster Abbey

Bonita
    $400 1
Sesame Street

Missy
    $400 9
(Jean-Paul) Sartre

Larry
    $400 14
cowboy

Larry
    $400 15
Louisiana Purchase

Larry
    $400 6
comb & tomb

Larry
    $800 27
Queen Victoria

Larry
    $800 2
The Big Bang Theory

Bonita
    $800 10
(Missy: Who is Mark Twain?)

Eugene O'Neill

BonitaMissy
    $800 23
lobbyists

Larry
    $800 16
Mayflower Compact

Bonita
    $800 7
smuggle & snuggle

Larry
    $1200 28
conga

Missy
    $1200 3
South Park

Larry
    $1200 11
(Winston) Churchill

Bonita
    $1200 24
sawhorse

Larry
    $1200 17
Marshall Plan

Larry
    $1200 8
Scrabble & scramble

Bonita
    $1600 29
[The end-of-round signal sounds.]

Anglican

Larry
    $1600 4
New Girl

Missy
    $1600 12
Toni Morrison

Bonita
    $1600 25
executioner (last hangman)

Larry
    $5,000 18
Kansas-Nebraska Act

Larry
    $1600 20
strain & strait

Larry
    $2000 5
Family Ties

Missy
    $2000 13
Pearl Buck

Bonita
    $2,000 26
(Larry: What's a ferrate?)

a farrier

Larry
    $2000 19
Yellowstone National Park

Triple Stumper
    $2000 21
diction & fiction

Triple Stumper

Scores at the end of the Double Jeopardy! Round:

Larry Bonita Missy
$23,200 $10,600 $4,800
(lock game)

[wagering suggestions for these scores]

Final Jeopardy! Round responses

GEOPOLITICAL HOT SPOTS
MissyWhat are North and South Korea?
$4,795
BonitaWhat is Pakistan & India
$9,000
LarryWhat are India and Pakistan?
$1,224
India & Pakistan

Final scores:

Larry Bonita Missy
$24,424 $19,600 $5
2-day champion: $49,624 2nd place: $2,000 3rd place: $1,000

Game dynamics:

Coryat scores:

Larry Bonita Missy
$20,600 $10,600 $4,800
28 R
(including 2 DDs),
3 W
(including 1 DD)
14 R,
2 W
9 R,
4 W

Combined Coryat: $36,000

[game clues] [game scores] [suggest correction]

Game tape date: 2013-10-08
The J! Archive is created by fans, for fans. Scraping, republication, monetization, and malicious use prohibited; this site may use cookies and collect identifying information. See terms. The Jeopardy! game show and all elements thereof, including but not limited to copyright and trademark thereto, are the property of Jeopardy Productions, Inc. and are protected under law. This website is not affiliated with, sponsored by, or operated by Jeopardy Productions, Inc. Join the discussion at JBoard.tv.